Star Wars, Episode IX - Prologue - Statistiques

Statistiques générales
  • Ce quiz a été pris 34 fois
  • Le résultat moyen est 24 sur 71
Statistiques - réponses
Prologue % Correct
le
73%
le
73%
le
73%
PALPATINE.
73%
a
67%
à
67%
à
67%
de
67%
de
67%
de
67%
La
67%
la
67%
La
67%
la
67%
Les
60%
REY,
60%
des
53%
des
53%
des
53%
Jedi,
53%
ORDRE.
53%
PREMIER
53%
dernier
47%
ce
40%
ce
40%
EMPEREUR
40%
espoir
40%
KYLO
40%
LEIA
40%
morts
40%
parlent !
40%
du
33%
REN
33%
galaxie
27%
ORGANA
27%
pour
27%
que
27%
qui
27%
sinistre
27%
un
27%
voix
27%
éliminer
20%
GENERALE
20%
menace
20%
menace
20%
recherche
20%
son
20%
une
20%
défunt
13%
diabolique
13%
entendu
13%
envoie
13%
Leader
13%
l'Empereur
13%
mystérieux
13%
part
13%
pouvoir.
13%
s'entraîne
13%
Suprême
13%
tout
13%
affronter
7%
Pendant
7%
tandis
7%
temps,
7%
agents
0%
communiqué,
0%
fantôme,
0%
recueillir
0%
renseignements,
0%
résolu
0%
VENGEANCE
0%
Aucun quiz correspondant
Distribution des résultats
% des personnes avec chaque résultat
Percentile par nombre de réponses
Votre historique - résultats
Vous n’avez pas pris ce quiz